Nghệ thuật lãnh đạo - quản trị
Sách giới thiệu những bài tập trắc nghiệm về cá nhân Người lãnh đạo trong các tình huống. Bổn phận và môi trường lãnh đạo.
Sparad:
| Huvudupphovsman: | |
|---|---|
| Materialtyp: | Bok |
| Språk: | Undetermined |
| Publicerad: |
Đồng Nai
Nhà xuất bản Đồng Nai
1995
|
| Ämnen: | |
| Taggar: |
Lägg till en tagg
Inga taggar, Lägg till första taggen!
|
| Thư viện lưu trữ: | Trung tâm Học liệu Trường Đại học Cần Thơ |
|---|
| LEADER | 00854nam a2200229Ia 4500 | ||
|---|---|---|---|
| 001 | CTU_11258 | ||
| 008 | 210402s9999 xx 000 0 und d | ||
| 020 | |c 9000 | ||
| 082 | |a 658 | ||
| 082 | |b D561 | ||
| 100 | |a Võ, Văn Dương | ||
| 245 | 0 | |a Nghệ thuật lãnh đạo - quản trị | |
| 245 | 0 | |c Võ Văn Dương, Trần Thuận Hải | |
| 260 | |a Đồng Nai | ||
| 260 | |b Nhà xuất bản Đồng Nai | ||
| 260 | |c 1995 | ||
| 520 | |a Sách giới thiệu những bài tập trắc nghiệm về cá nhân Người lãnh đạo trong các tình huống. Bổn phận và môi trường lãnh đạo. | ||
| 526 | |a Xã hội học quản lý | ||
| 526 | |b XN367 | ||
| 650 | |a Management | ||
| 904 | |i Minh, Năm | ||
| 980 | |a Trung tâm Học liệu Trường Đại học Cần Thơ | ||